El Comercio en la globalización de los servicios turísticos /

Αποθηκεύτηκε σε:
Λεπτομέρειες βιβλιογραφικής εγγραφής
Κύριος συγγραφέας: Orozco Alvarado, Javier
Άλλοι συγγραφείς: Reyes Uribe, Ana Cecilia
Μορφή: Κείμενο
Θέματα:
Ετικέτες: Προσθήκη ετικέτας
Δεν υπάρχουν, Καταχωρήστε ετικέτα πρώτοι!

MARC

LEADER 00000 a a2200000 04500
001 3564
003
040
100 |a Orozco Alvarado, Javier  
245 |a El Comercio en la globalización de los servicios turísticos /  |c Javier Orozco Alvarado 
500 |a Resumen en español páginas 3 y en inglés páginas 91  
650 |a COMERCIO  
650 |a INTERNET  
650 |a TURISMO  
650 |a INTERNET  
650 |a TURISMO  
700 |a Reyes Uribe, Ana Cecilia  
773 |g volumen 54, número 1; páginas 62-68  
999 |c 26250  |d 26250